More stories for the heart. (Record no. 2026)

000 -LEADER
fixed length control field 00473nam a2200157 a 4500
001 - CONTROL NUMBER
control field :::00018325$&:&@@
003 - CONTROL NUMBER IDENTIFIER
control field OkBaRHE
005 - DATE AND TIME OF LATEST TRANSACTION
control field 20100327140924.0
008 - FIXED-LENGTH DATA ELEMENTS--GENERAL INFORMATION
fixed length control field s1997 j 000 0 eng u
040 ## - CATALOGING SOURCE
Transcribing agency
100 1# - MAIN ENTRY--PERSONAL NAME
Personal name Gray, Alice
245 10 - TITLE STATEMENT
Title More stories for the heart.
260 ## - PUBLICATION, DISTRIBUTION, ETC. (IMPRINT)
Place of publication, distribution, etc Sisters, Oregon
Name of publisher, distributor, etc Multnomah Publishers
Date of publication, distribution, etc 1997
942 ## - ADDED ENTRY ELEMENTS (KOHA)
Source of classification or shelving scheme
Koha item type Books
Copies
Withdrawn status Date acquired Barcode Date last seen Damaged status Collection code Koha item type Full call number Price effective from Source of classification or shelving scheme Permanent Location Lost status Copy number Not for loan Shelving location
 2010-04-14183252010-04-14 ReferenceBooksBV 4515.2 .M6652010-04-14 RHEMA Bible Training College 1 General Stacks